|
|
|
|
| LEADER |
00998nam a2200277 4500 |
| 001 |
c000062060 |
| 003 |
CARM |
| 005 |
00000000000000.0 |
| 008 |
730221s1972 enkab 00100 eng |
| 015 |
|
|
|a B72-27057
|
| 019 |
1 |
|
|a 607450
|z 21974581
|5 LACONCORD2021
|
| 020 |
|
|
|a 0091107202
|
| 035 |
|
|
|a (OCoLC)589573
|5 LACONCORD2021
|
| 043 |
|
|
|a f-za---
|
| 050 |
0 |
0 |
|a HF1616.9.Z34
|b M37
|
| 100 |
1 |
|
|a Martin, Antony,
|d 1936-
|
| 245 |
1 |
0 |
|a Minding their own business: Zambia's struggle against Western control.
|
| 260 |
|
|
|a London,
|b Hutchinson,
|c 1972.
|
| 300 |
|
|
|a 272 p.
|b illus., map.
|c 23 cm.
|
| 651 |
|
0 |
|a Zambia
|x Foreign economic relations.
|
| 651 |
|
0 |
|a Zambia
|x Economic conditions.
|
| 651 |
|
0 |
|a Zambia
|x Politics and government.
|
| 852 |
8 |
|
|b CARM
|h A2:AF32C0
|i B01490
|p 0070529
|f BK
|
| 082 |
0 |
4 |
|a 330.9/689/4
|
| 999 |
f |
f |
|i 95bc5fd7-6134-5f3d-ba99-b193a92cc9c9
|s 3da3b507-2061-569f-b9f3-1e6d6526f952
|
| 952 |
f |
f |
|p Can circulate
|a CAVAL
|b CAVAL
|c CAVAL
|d CARM 1 Store
|e B01490
|f A2:AF32C0
|h Other scheme
|i book
|m 0070529
|